Best Player On Every Big 4 Sports Team - Statistics

General Stats
  • This quiz has been taken 106 times
    82 since last reset
  • The average score is 56 of 124
Answer Stats
League Team Answer % Correct
NFL Baltimore Ravens Lamar Jackson
90%
NFL Buffalo Bills Josh Allen
88%
NBA Dallas Mavericks Anthony Davis
85%
NFL Kansas City Chiefs Patrick Mahomes
81%
NFL Dallas Cowboys CeeDee Lamb
79%
NBA Memphis Grizzlies Jaren Jackson Jr.
77%
NFL Cincinnati Bengals J'amar Chase
75%
NBA Los Angeles Lakers Luka Doncic
75%
NBA Oklahoma City Thunder Shai Gilgeous-Alexander
75%
NBA Atlanta Hawks Trae Young
75%
NFL Minnesota Vikings Justin Jefferson
73%
NBA Denver Nuggets Nikola Jokić
73%
NFL Detroit Lions Amon-Ra St. Brown
71%
NBA Boston Celtics Jason Tatum
71%
NBA Golden State Warriors Stephen Curry
71%
NFL Miami Dolphins Tyreek Hill
71%
MLB New York Yankees Aaron Judge
69%
NBA New York Knicks Jalen Brunson
69%
MLB Los Angeles Dodgers Shohei Ohtani
69%
NFL Los Angeles Chargers Justin Herbert
67%
NBA Charlotte Hornets Lamelo Ball
67%
NBA Minnesota Timberwolves Anthony Edwards
65%
NBA Milwaukee Bucks Giannis Antetokounmpo
65%
NHL Pittsburgh Penguins Sidney Crosby
65%
NBA Detroit Pistons Cade Cunningham
63%
NBA Cleveland Cavaliers Donovan Mitchell
63%
NBA Los Angeles Clippers Kawhi Leonard
63%
NFL Las Vegas Raiders Maxx Crosby
63%
NFL Philadelphia Eagles Saquon Barkley
63%
NBA Indiana Pacers Tyrese Haliburton
63%
MLB Philadelphia Phillies Bryce Harper
62%
NFL Houston Texans C.J. Stroud
62%
NBA Phoenix Suns Kevin Durant
62%
NFL New York Giants Dexter Lawrence
60%
NFL New England Patriots Drake Maye
60%
MLB Cincinnati Reds Elly De La Cruz
58%
NFL Cleveland Browns Myles Garrett
58%
NBA San Antonio Spurs Victor Wembanyama
58%
NFL Atlanta Falcons Bijan Robinson
56%
NBA New Orleans Pelicans Zion Williamson
56%
NFL San Francisco 49ers Christian McCaffrey
54%
MLB San Diego Padres Fernando Tatis Jr.
54%
NFL Arizona Cardinals James Conner
54%
MLB Pittsburgh Pirates Paul Skenes
54%
MLB Toronto Blue Jays Vladimir Guerrero Jr.
54%
MLB Baltimore Orioles Gunnar Henderson
52%
MLB Atlanta Braves Ronald Acuña Jr.
52%
NBA Philadelphia 76ers Tyrese Maxey
52%
MLB Kansas City Royals Bobby Witt Jr.
50%
NHL Edmonton Oilers Connor McDavid
50%
NHL Washington Capitals Alex Ovechkin
48%
NFL Tampa Bay Buccaneers Mike Evans
48%
NBA Orlando Magic Paolo Banchero
48%
MLB Detroit Tigers Tarik Skubal
48%
NFL Pittsburgh Steelers T.J. Watt
48%
MLB Cleveland Guardians Jose Ramirez
46%
MLB New York Mets Juan Soto
46%
NFL New York Jets Sauce Gardner
46%
NBA Toronto Raptors Scottie Barnes
46%
NBA Houston Rockets Alperen Sengun
44%
NFL New Orleans Saints Alvin Kamara
44%
NBA Miami Heat Bam Adebayo
44%
NFL Chicago Bears DJ Moore
44%
NFL Indianapolis Colts Jonathan Taylor
44%
MLB Seattle Mariners Julio Rodriguez
44%
MLB Los Angeles Angels Mike Trout
44%
NFL Denver Broncos Patrick Surtain II
44%
NFL Carolina Panthers Chuba Hubbard
42%
NHL Toronto Maple Leafs Auston Matthews
40%
NFL Seattle Seahawks D.K. Metcalf
40%
MLB Arizona Diamondbacks Ketel Marte
40%
NFL Washington Commanders Terry McLaurin
40%
MLB Texas Rangers Corey Seager
38%
NHL Boston Bruins David Pastrnak
38%
NHL Winnipeg Jets James Connor
38%
MLB Chicago Cubs Justin Tucker
38%
NBA Utah Jazz Lauri Markkanen
38%
MLB Chicago White Sox Luis Robert Jr.
38%
NHL Colorado Avalanche Nathan MacKinnon
38%
MLB Boston Red Sox Rafael Devers
38%
NBA Chicago Bulls Coby White
37%
NBA Sacramento Kings Domantis Sabonis
37%
NHL New Jersey Devils Jack Hughes
37%
NHL Ottawa Senators Brady Tkachuk
35%
NHL Florida Panthers Matthew Tkachuk
35%
NHL Tampa Bay Lightning Nikita Kucherov
35%
NFL Green Bay Packers Jaire Alexander
33%
NHL Buffalo Sabres Tage Thompson
33%
MLB Houston Astros Yordan Alvarez
33%
NBA Brooklyn Nets Cameron Johnson
31%
NHL Montreal Canadiens Cole Caufield
31%
NHL Chicago Blackhawks Conner Bedard
31%
NHL Minnesota Wild Kirill Kaprizov
31%
NHL Vancouver Canucks Elias Pettersson
29%
NHL Carolina Hurricanes Sebastian Aho
29%
MLB Oakland Athletics Brent Rooker
27%
NHL Vegas Golden Knights Jack Eichel
27%
MLB Washington Nationals James Wood
27%
NFL Jacksonville Jaguars Travis Etienne Jr.
27%
NHL New York Rangers Artemi Panarin
25%
NFL Tennessee Titans Jeffrey Simmons
25%
MLB St. Louis Cardinals Nolan Arenado
25%
NHL Los Angeles Kings Anze Kopitar
23%
NHL Dallas Stars Jason Robertson
23%
NBA Washington Wizards Jordan Poole
23%
MLB Minnesota Twins Carlos Correa
21%
NHL St. Louis Blues Jordan Kyrou
21%
MLB San Francisco Giants Matt Chapman
21%
NHL Columbus Blue Jackets Zach Werenski
21%
NHL Utah Hockey Club Clayton Keller
19%
NHL Nashville Predators Roman Josi
19%
NFL Los Angeles Rams Puka Nakua
17%
NBA Portland Trailblazers Deny Avdija
15%
NHL Calgary Flames Johnathan Huberdeau
13%
NHL Philadelphia Flyers Travis Konecny
13%
NHL Anaheim Ducks Troy Terry
13%
NHL New York Islanders Ilya Sorokin
12%
MLB Miami Marlins Sandy Alcantara
12%
NHL Detroit Red Wings Alex DeBrincat
10%
MLB Tampa Bay Rays Brandon Lowe
10%
MLB Colorado Rockies Ezequiel Tovar
8%
MLB Milwaukee Brewers William Contreras
8%
NHL Seattle Kraken Matty Beniers
6%
NHL San Jose Sharks Logan Couture
4%
No matching quizzes found
Score Distribution
Percent of People with Each Score
Percentile by Number Answered
Your Score History
You have not taken this quiz since the last reset